000 00966nam a2200193 a 4500
008 150521s2013 ||||||||||||||||| || u
020 _a9781446208212
050 _aHA 29 Lan
100 _aLanders, Richard N
245 1 2 _aA step by step introduction to statistics for business
_cby Richard N. Landers
260 _aLos Angeles
_bSAGE Publications
_c2013
300 _axv, 427p. :ill.
350 _a66.00
500 _aincludes index
650 0 _aCOMMERCIAL STATISTICS
995 _aMAIN LIBRARY OPEN ACCESS
_e748458
_FCBU-MAIN LIBRARY (Kitwe)
_I66.00
_jHA 29 Lan
_M2
_UAVAILABLE
_WAug 17, 2018
_y748458
_ZMain Library Open Access Collection
995 _aMAIN LIBRARY OPEN ACCESS
_e748491
_FCBU-MAIN LIBRARY (Kitwe)
_I66.00
_jHA 29 Lan
_M3
_UAVAILABLE
_WAug 17, 2018
_y748491
_ZMain Library Open Access Collection
995 _aMAIN LIBRARY OPEN ACCESS
_e745499
_FCBU-MAIN LIBRARY (Kitwe)
_I66.00
_jHA 29 Lan
_M1
_UAVAILABLE
_WSep 3, 2015
_y745499
_ZMain Library Open Access Collection
999 _c76822
_d76822